000 00733nam a22002531 4500
001 134631
003 ES-MaACL
005 20230906194720.0
007 t|
008 070912s1959 sp ||||0| spa d
016 7 _zIND2000944752
040 _aM-BN
_bspa
_cCDM
080 _a82-311.2"19"
100 1 _aWiechert, Ernst.
_9116754
245 1 3 _aEl cisne no canta al morir /
_cpor Ernst Wiechert ; [versión... de Dorotea P. Latz].
260 _aBarcelona :
_bG. P.,
_c1959.
300 _a159 p ;
_c17 cm.
490 1 _aLibro Picus ;
_v18
700 1 _aLatz, Dorotea Patricia.
_970572
830 0 _aLibro Picus ;
_v18
_9181734
852 _aES-MaACL
_jC-17173
_bR.44895
999 _c134631
_d134631